000 01458cam a2200409 i 4500
001 6154
003 FISKH
005 20250320115428.0
008 141016t20120 enk j 000 0 eng
010 _a 2014466289
020 _a9781435155091
_q(Paperback)
020 _a9781848108783
020 _a1435155092
_q(Paperback)
040 _aDLC
_beng
_cDLC
_erda
_dDLC
050 _aPZ7
082 _a796.54
100 1 _aGreen, Jen,
_eauthor.
245 1 0 _aPolar survival handbook /
_cJen Green ; consultant: Andrew Price.
260 _aThaxted :
_bMiles Kelly,
_c2012.
300 _a64 pages :
_bcolor illustrations ;
_c23 cm
336 _atext
_btxt
_2rdacontent
336 _astill image
_bsti
_2rdacontent
337 _aunmediated
_bn
_2rdamedia
338 _avolume
_bnc
_2rdacarrier
490 0 _aDiscovery: Explore your world
500 _aIncludes index.
520 _aThis jungle survival handbook provides a list of equipment to take, information on the environment, how to find food, water and make basic shelters.
650 0 _aSurvival
_zPolar regions
_vJuvenile literature.
650 0 _aWilderness survival
_zPolar regions
_vJuvenile literature.
651 0 _aPolar regions
_vJuvenile literature.
651 0 _aArctic regions
_vJuvenile literature.
700 1 _aPrice, Andrew,
_econsultant.
710 2 _aMiles Kelly Publishing.
906 _a7
_bcbc
_corignew
_d2
_encip
_f20
_gy-gencatlg
942 _2ddc
_cBK
_n0
999 _c6154
_d6154